पर्यावरण : (Record no. 119155)

MARC details
000 -LEADER
fixed length control field 01301nam a22002897a 4500
003 - CONTROL NUMBER IDENTIFIER
control field dpl
005 - DATE AND TIME OF LATEST TRANSACTION
control field 20170124103128.0
008 - FIXED-LENGTH DATA ELEMENTS--GENERAL INFORMATION
fixed length control field 161004b xxu||||| |||| 00| 0 eng d
010 ## - LIBRARY OF CONGRESS CONTROL NUMBER
LC control number B-177523
020 ## - INTERNATIONAL STANDARD BOOK NUMBER
Terms of availability 695.00
International Standard Book Number 817312374
035 ## - SYSTEM CONTROL NUMBER
System control number B-177523
037 ## - SOURCE OF ACQUISITION
Source of stock number/acquisition Cen Lib/Ret
040 ## - CATALOGING SOURCE
Original cataloging agency DPL
Language of cataloging HN
Transcribing agency TIT
082 ## - DEWEY DECIMAL CLASSIFICATION NUMBER
Classification number 363.7
Item number पर्याव
245 ## - TITLE STATEMENT
Title पर्यावरण :
Statement of responsibility, etc संपादक ज्ञानेन्द्र रावत
Remainder of title विकास और यथार्थ /
246 ## - VARYING FORM OF TITLE
Title proper/short title Paryavaran : vikas aur yatharth /
Remainder of title sampadak Gyanendra Rawat
260 ## - PUBLICATION, DISTRIBUTION, ETC. (IMPRINT)
Place of publication, distribution, etc दिल्ली
Name of publisher, distributor, etc श्री नटराज प्रकाशन
Date of publication, distribution, etc 2005
270 ## - ADDRESS
Address ए-507/12, साउथ गावंडी एक्सटेंशन
City दिल्ली
Postal code 110053
300 ## - PHYSICAL DESCRIPTION
Extent 344पृ.
Dimensions 21सेमी(सजिल्द)
500 ## - GENERAL NOTE
General note अनुक्रमणिका शामिल
650 ## - SUBJECT ADDED ENTRY--TOPICAL TERM
Topical term or geographic name as entry element पर्यावरण
9 (RLIN) 83603
650 ## - SUBJECT ADDED ENTRY--TOPICAL TERM
Topical term or geographic name as entry element पर्यावरण--वैकल्पिक विकास
9 (RLIN) 83604
650 ## - SUBJECT ADDED ENTRY--TOPICAL TERM
Topical term or geographic name as entry element Environment
9 (RLIN) 4310
650 ## - SUBJECT ADDED ENTRY--TOPICAL TERM
Topical term or geographic name as entry element Environment - Alternative development
9 (RLIN) 83605
700 ## - ADDED ENTRY--PERSONAL NAME
Personal name रावत, ज्ञानेन्द्र
9 (RLIN) 45637
942 ## - ADDED ENTRY ELEMENTS (KOHA)
Source of classification or shelving scheme Dewey Decimal Classification
Koha item type Hindi Books
Classification part 363.7
Call number suffix पर्याव
Holdings
Withdrawn status Lost status Damaged status Not for loan Home library Current library Date acquired Source of acquisition Cost, normal purchase price Total Checkouts Full call number Barcode Date last seen Copy number Cost, replacement price Price effective from Koha item type
        Central Library Central Library 15/09/2015 Cen Lib/Ret 695.00   363.7 पर्याव B-177523 15/09/2015 1 695.00 15/09/2015 Hindi Books

© Delhi Public Library
Hit Counter
free hit counter